Most Visited Websites (2012) Quiz Stats

 Plays Quiz Updated Feb 1, 2018

Challenge
Share
Tweet
Embed
Score 0/30 Timer 05:00
8 Plays Today
Rank Site % Correct
1Google
99.5%
14Go
99.5%
2Facebook
99.2%
3YouTube
93.9%
6eBay
91.7%
4Yahoo!
89.9%
10Twitter
83.9%
5Amazon
83.8%
18Netflix
75.1%
11Bing
74.8%
20ESPN
73%
7Wikipedia
71.2%
23CNN
64.9%
13LinkedIn
53.7%
16MSN
50.8%
Rank Site % Correct
26The Weather Channel
44.5%
27Bank of America
40.9%
12Blogspot
38.6%
24Ask
37.2%
19Tumblr
37.1%
25IMDb
36.5%
17AOL
31.4%
28Chase Bank
26.2%
30Walmart Online
24.5%
8Craigslist
23.8%
15Pinterest
21.1%
29Wordpress
15.1%
22The Huffington Post
12.8%
21PayPal
6.6%
9Windows Live
2.7%

You're not logged in!

Compare scores with friends on all Sporcle quizzes.
OR
Log In

You Might Also Like...

Show Comments

Extras

Top Quizzes Today


Score Distribution

Your Account Isn't Verified!

In order to create a playlist on Sporcle, you need to verify the email address you used during registration. Go to your Sporcle Settings to finish the process.

Report this User

Report this user for behavior that violates our Community Guidelines.

Details: